000 00641nam a2200205 i 4500
001 148795
003 ES-MaACL
005 20250823005454.0
007 t|
008 070214s1953 sp r ||||1| spa d
100 1 _aSubirá, José,
_d1882-1980
_9108686
245 1 0 _aHistoria de la música española e hispanoamericana /
_cJosé Subirá.
250 _a1ª ed.
260 _aBarcelona :
_bSalvat,
_c1953.
300 _aXX, 1003 p., 5 lám. :
_bil. ;
_c26 cm.
650 4 _aMúsica española-
_xHistoria.
_9136570
650 7 _aMúsica hispanoamericana
_2embne
_9172492
852 _aES-MaACL
_jC-5982
999 _c148795
_d148795